African words, African voices (Record no. 931751)

MARC details
000 -LEADER
fixed length control field 01059nam a2200289Ia 4500
003 - CONTROL NUMBER IDENTIFIER
control field OSt
005 - DATE AND TIME OF LATEST TRANSACTION
control field 20221005023741.0
008 - FIXED-LENGTH DATA ELEMENTS--GENERAL INFORMATION
fixed length control field 221004b |||||||| |||| 00| 0 eng d
020 ## - INTERNATIONAL STANDARD BOOK NUMBER
International Standard Book Number 0253214688
037 ## - SOURCE OF ACQUISITION
Terms of availability Textual
040 ## - CATALOGING SOURCE
Original cataloging agency CRL
Transcribing agency CRL
Language of cataloging eng
041 ## - LANGUAGE CODE
Source of code eng
Language code of text/sound track or separate title eng
100 ## - MAIN ENTRY--PERSONAL NAME
Personal name White Luise Ed.
9 (RLIN) 580016
245 #0 - TITLE STATEMENT
Title African words, African voices
Remainder of title Critical practices in oral history edited by Luise White; Stephan F. Miescher and David William Cohen
260 ## - PUBLICATION, DISTRIBUTION, ETC.
Place of publication, distribution, etc. Bloomington
Name of publisher, distributor, etc. Indiana University Press
Date of publication, distribution, etc. 2001
300 ## - PHYSICAL DESCRIPTION
Extent 322p.
Dimensions cm.
490 ## - SERIES STATEMENT
Series statement African systems of thought
650 ## - SUBJECT ADDED ENTRY--TOPICAL TERM
Topical term or geographic name entry element AFRICA - HISTORY
700 ## - ADDED ENTRY--PERSONAL NAME
Personal name Cohen David William Ed.
9 (RLIN) 580017
700 ## - ADDED ENTRY--PERSONAL NAME
Personal name Miescher Stephan F. Ed.
9 (RLIN) 580018
942 ## - ADDED ENTRY ELEMENTS (KOHA)
Classification part Vv6.N, P1
Koha item type Textual
Source of classification or shelving scheme
Holdings
Withdrawn status Lost status Damaged status Not for loan Home library Current library Date acquired Source of acquisition Cost, normal purchase price Total Checkouts Full call number Barcode Date last seen Cost, replacement price Price effective from Koha item type
        Central Library Central Library 2022-10-05 18718, 30/03/2005, Segment Book Distributors 1463.00   Vv6.N P1 CL1180146 2022-10-05 1463.00 2022-10-05 Textual
Copyright @ Delhi University Library System